| 000 | 00707nam a2200229 a 4500 | ||
|---|---|---|---|
| 001 | 59544 | ||
| 003 | BD-RJUL | ||
| 005 | 20211209080738.0 | ||
| 008 | 161226s1996 nyu 001 0 eng | ||
| 035 | _aBD-RJUL 59668 | ||
| 040 |
_aDLC _cDLC _dOCL _dEQO _beng |
||
| 041 | _aeng | ||
| 082 |
_a337.0973 _223 _bTAT 1964 |
||
| 100 | 1 |
_aTaussig, F. W. _q(Frank William), _d1859-1940. _9177107 |
|
| 245 | 0 | 4 |
_aThe tariff history of the United States / _cby F. W. Taussig. |
| 250 | _a8th ed., | ||
| 260 |
_aNew York ; _aLondon : _bG. P. Putnam's sons, _c1964 |
||
| 300 |
_axii p., 1 l., 536 p. ; _c21 cm. |
||
| 650 |
_aTariff _x History. _zUnited States _9177108 |
||
| 942 |
_2ddc _cBK |
||
| 999 |
_c59544 _d59544 |
||